Polymer chemistry : an introduction
| Main Author: | Stevens, Malcolm P |
|---|---|
| Published: |
New York:
Oxford University Press,
1999.
|
| Subjects: |
| LEADER | 00476cam a2200157 7i4500 | ||
|---|---|---|---|
| 001 | 0000009245 | ||
| 005 | 20150901090000.0 | ||
| 020 | |a 0195124448 | ||
| 090 | 0 | 0 | |a QD381 |b .S76 1999 |
| 100 | 1 | |a Stevens, Malcolm P | |
| 245 | 1 | 0 | |a Polymer chemistry : |b an introduction |c Malcolm P. Stevens. |
| 260 | |a New York: |b Oxford University Press, |c 1999. | ||
| 300 | |a xix, 551 p.; |c 24 cm. | ||
| 650 | 0 | 0 | |a Polymers |
| 650 | 0 | 0 | |a Polymerization |
| 999 | |a 0000011877 |b BOK |c OPEN SHELF |e 1st Floor, Shah Alam | ||


